| 000 | 00829nam a22002533a 4500 | ||
|---|---|---|---|
| 001 | 22946 | ||
| 003 | SK-KTurca | ||
| 005 | 20260512150655.0 | ||
| 008 | 221216s1954 xo a g ||| 1 slo d | ||
| 035 | _aa000716361 | ||
| 040 |
_aUKB _bslo _cUKB _eAACR2 |
||
| 041 | 1 |
_aslo _hrus |
|
| 044 |
_axo _cSK |
||
| 100 | 1 |
_aTurgenev, Ivan Sergejevič, _d1818-1883 |
|
| 240 | 1 |
_aSobranije sočinenij 1. Zapisky ochotnika. _lSlovensky |
|
| 245 | 1 | 0 |
_aPoľovníkove zápisky _cIvan Sergejevič Turgenev ; z rus. orig. prel. Z. Jesenská ; ilustr. A. Ďuračka |
| 260 |
_aBratislava _bSNDK _f(Graf. tlač.) _c1954 |
||
| 300 |
_a85, [3] s. _bil. |
||
| 490 | 1 |
_aKnižnica strednej školy _vZv. 42 |
|
| 700 | 1 |
_aJesenská, Zora, _d1909-1972 _4trl |
|
| 700 | 1 |
_aĎuračka, A. _4ill |
|
| 830 | 0 | _aKnižnica strednej školy | |
| 942 |
_2ddc _cKLDE _n0 |
||
| 999 |
_c22946 _d22946 |
||